UM Logo

Martial law- 'grisly one-stop butcher shop for human rights abuses': (Record no. 10483)

MARC details
000 -LEADER
fixed length control field 00532nam a2200121 4500
008 - FIXED-LENGTH DATA ELEMENTS--GENERAL INFORMATION
fixed length control field 180831b ||||| |||| 00| 0 eng d
100 ## - MAIN ENTRY--PERSONAL NAME
9 (RLIN) 30770
Personal name De Vera, Ruel S.
245 ## - TITLE STATEMENT
Title Martial law- 'grisly one-stop butcher shop for human rights abuses':
Remainder of title Raissa Robles' exhaustive 'Marcos martial law: never again' is a must-read for those who never lived through that turbulent period.
Statement of responsibility, etc. Ruel S. De Vera
260 ## - PUBLICATION, DISTRIBUTION, ETC. (IMPRINT)
Place of publication, distribution, etc. Philippines
Name of publisher, distributor, etc. Philippine Daily Inquirer
Date of publication, distribution, etc. c2016
300 ## - PHYSICAL DESCRIPTION
Extent page C3.
650 #0 - SUBJECT ADDED ENTRY--TOPICAL TERM
9 (RLIN) 30771
Topical term or geographic name as entry element Human rights.
942 ## - ADDED ENTRY ELEMENTS (KOHA)
Source of classification or shelving scheme Dewey Decimal Classification
Koha item type Periodicals
Holdings
Withdrawn status Lost status Source of classification or shelving scheme Damaged status Not for loan Collection code Home library Current library Date acquired Total Checkouts Date last seen Price effective from Koha item type Public note
    Dewey Decimal Classification     Periodicals UM Digos College - LIC UM Digos College - LIC 08/31/2018   08/31/2018 08/31/2018 Periodicals Newspaper Clippings